[Event "British Columbia-op"]
[Site "Richmond"]
[Date "2015.02.08"]
[Round "3.4"]
[White "Patterson, Roger"]
[Black "Kenney, Jason"]
[Result "1/2-1/2"]
[WhiteElo "2106"]
[BlackElo "2158"]
[PlyCount "94"]
[EventDate "2015.02.07"]
[EventType "swiss"]
[EventRounds "6"]
[EventCountry "CAN"]
[SourceTitle "EXT 2019"]
[Source "ChessBase"]
[SourceDate "2018.10.10"]
[SourceVersion "1"]
[SourceVersionDate "2018.10.10"]
[SourceQuality "1"]

1. c4 e5 2. Nc3 Nc6 3. g3 f5 4. Bg2 Nf6 5. a3 d6 6. Nf3 e4 7. Ng5 h6 8. Nh3 g5 9. d3 exd3 10. exd3 Qe7+ 11. Qe2 Qxe2+ 12. Kxe2 Nd4+ 13. Kd1 Nb3 14. Rb1 Nxc1 15. Rxc1 Bg7 16. Re1+ Kd8 17. Rc2 Re8 18. Rxe8+ Nxe8 19. Re2 c6 20. Ng1 Nc7 21. Nf3 Rb8 22. Nd2 Bd7 23. Kc2 Ne6 24. Nb3 Be5 25. Rd2 Nd4+ 26. Nxd4 Bxd4 27. Re2 Bf6 28. Rd2 a6 29. d4 b5 30. cxb5 axb5 31. b4 Ke7 32. d5 c5 33. bxc5 dxc5 34. d6+ Kd8 35. Nd5 Be5 36. f4 Bxd6 37. Nf6 Rb6 38. fxg5 hxg5 39. Nxd7 Kxd7 40. h4 Ke6 41. hxg5 Bxg3 42. Rd5 b4 43. axb4 cxb4 44. Kb3 Be5 45. Rc5 Bd6 46. Ra5 f4 47. Be4 Be7 1/2-1/2